000 00676nam a22002057a 4500
005 20250210150715.0
010 _aENG-143736
020 _c499.00
_a9788119798506
035 _aEN-127268
037 _bDBAD
082 _a881
_21
100 _aNayak, Rankita
_977462
245 _aSlice of Silence/
_cby Ranjita Nayak [and] Translated By Bhagaban Jayasingh
250 _a1
260 _aNew Delhi
_bHar-Anand Publications Pvt Ltd
_c2024
270 _bNew Delhi
_e110020
_aE-49/3, Okhla Industrial Area, Phase II
_minfo@haranandbooks.com
300 _a102p.
_c21cm(pb)
700 _aJayasingh, Bhagaban
_eTranslator
_977463
942 _2ddc
_cEN
_mNAY
_h881
999 _c208963
_d208963